Comparison of ETF's Performance Related to the Tracking Error

Účelom indexových fondov je replikovať výnosy a riziká v najväčšom možnom rozsahu, pričom odchýlka sledovania je jednou z najsledovanejších ukazovateľov výkonnosti týchto pasívne spravovaných fondov. Opis vybraných perspektív týkajúcich sa indexovania, indexových fondov a fondov, obchodovaných na b...

Descripción completa

Guardado en:
Detalles Bibliográficos
Autor principal: Dorocáková, Michaela
Formato: Capítulo de libro
Lenguaje:inglés
Materias:
Etiquetas: Agregar Etiqueta
Sin Etiquetas, Sea el primero en etiquetar este registro!

MARC

LEADER 00000nla a2200000 4500
001 0239314
005 20240502083642.4
041 0 |a eng 
044 |a PL 
245 1 0 |a Comparison of ETF's Performance Related to the Tracking Error  |c Michaela Dorocáková 
520 |a Účelom indexových fondov je replikovať výnosy a riziká v najväčšom možnom rozsahu, pričom odchýlka sledovania je jednou z najsledovanejších ukazovateľov výkonnosti týchto pasívne spravovaných fondov. Opis vybraných perspektív týkajúcich sa indexovania, indexových fondov a fondov, obchodovaných na burze, aby objasnili problém odchýlky sledovania jej preskúmaním a následným porovnaním vedúcich spoločností pre správu investícií v súvislosti s rôznymi metódami používanými na jeho hodnotenie. 
610 2 0 |a indexy akciové 
610 2 0 |a indexy burzové 
610 2 0 |a fondy investičné 
610 2 0 |a stratégia investičná 
610 2 0 |a riziko finančné 
100 1 |a Dorocáková, Michaela